00314nam a2200121Ia 4500082001200000100001200012245004600024260003000070300002000100650002300120650003300143710001600176 aTG.0294 aGopalji 0aPersonnel management in Indian industries c1979bUniversity of Delhi av.p. + C D - 39 aINDIA - INDUSTRIES aPERSONNEL MANAGEMENT - INDIA aGhosh, P.K.